Catholic University of Zimbabwe Library
Online Public Access Catalogue
(OPAC)

short history of Byzantium (Record no. 11094)

MARC details
000 -LEADER
fixed length control field 00424 a2200133 4500
020 ## - INTERNATIONAL STANDARD BOOK NUMBER
International Standard Book Number 0679450882 (hardcove
005 - DATE AND TIME OF LATEST TRANSACTION
control field 20191017174041.0
084 ## - OTHER CLASSIFICATION NUMBER
Classification number DF553 .N68 1997
245 ## - TITLE STATEMENT
Title short history of Byzantium
Medium print
250 ## - EDITION STATEMENT
Edition statement 1st American ed.
260 ## - PUBLICATION, DISTRIBUTION, ETC.
Place of publication, distribution, etc. nyu
Name of publisher, distributor, etc. Knopf
Date of publication, distribution, etc. 1997
300 ## - PHYSICAL DESCRIPTION
Extent xl, 430 p. : ill. (some col.), maps
Other physical details 25 cm.
Dimensions xl, 430 p. : ill. (some col.), maps ; 25 cm.
500 ## - GENERAL NOTE
General note John Julius Norwich.
700 ## - ADDED ENTRY--PERSONAL NAME
Personal name Norwich, John Julius

No items available.

OPENING HOURS

Weekdays: 0815hrs - 1800hrs
Weekends:0900hrs - 1200hrs

Closed for Mass:

Mon, Thur: 1200hrs - 1300hrs
Sunday & Public Holiday’s

CALL SUPPORT

0242-570570, 0242-570169
09200664, +263 8644140602

LOCATION

18443, Cranborne Avenue, Hatfield, Harare

Other Links


©2021 | CUZ Library